Los pasos de Ulloa

Furkejuvvon:
Bibliográfalaš dieđut
Váldodahkki: Pardo Bazán, Emilia (autora)
Materiálatiipa: Girji
Giella:espánnjágiella
Almmustuhtton: Madrid Administración 1886
Preanttus:1a. ed
Ráidu:Obras Completas, 3
Fáttát:
Fáddágilkorat: Lasit fáddágilkoriid
Eai fáddágilkorat, Lasit vuosttaš fáddágilkora!

MARC

LEADER 00000nam a2200000 a 4500
001 UCJ3538
003 CL-VaPUC
008 070124e18860000SP |||||||||||||||||spa|d
082 0 4 |a 863  |b PAR  |2 21 
100 |a Pardo Bazán, Emilia  |e autora  |9 319277 
245 1 4 |a Los pasos de Ulloa 
250 |a 1a. ed 
300 |a 355 p 
942 |c BK 
945 |d 20070124 00:00:00  |a rinostro 
260 |a Madrid  |b Administración  |c 1886 
650 0 |a Novela   |9 313705 
651 0 |a España  |9 254926 
583 |a last modification  |c 20070124 00:00:00  |k Rodrigo Vera 
490 0 |a Obras Completas, 3 
999 |c 319660  |d 319658 
952 |0 0  |1 0  |4 0  |6 863_000000000000000_PAR_1886  |7 0  |8 X  |9 398021  |a FDOBUD  |b FDOBUD  |d 2019-11-22  |i 1005200  |o 863 PAR 1886  |p 1005200  |r 2019-11-22  |w 2019-11-22  |y BK_X  |k BUD